000 00203 a2200097 4500
001 10425
100 _aHughes, A J
245 _aHistory of Air Navigation.
260 _a
_bAllen
_c
090 _c8053
_d8053
942 _aNUST-CAE
_cM
_c34771
999 _c245498
_d245498